• 首页
  • 本馆介绍
  • 公告通知
  • 最新文献
  • 馆藏检索
  • 电子资源
  • 读者导购
  • 参考咨询
  • 我的图书馆
  • 登录
  • 详细信息显示
  • 放入我的书架
  • 预约/预借图书
  • 作者相关作品
  • 分类相关作品
  • 丛书相关作品
  • 出版社相关作品

书目信息

  • 表格格式
  • 工作单格式
  • 卡片格式
题名:
美军观察组在延安
    
 
作者: 包瑞德 著 ;万高潮 译
分册:  
出版信息: 北京   解放军出版社  1984
页数: 124页
开本: 19cm
丛书名:
单 册:
中图分类: K269.5
科图分类:
主题词:
电子资源:
ISBN:
000 00684nam0 2200241 45
001 0184012767
005 20060801081120.64
010    @dCNY0.80
091    @aCN@b1185.18
100    @a19950630d1984 em y0chiy0121 ea
101 1  @achi@ceng
102    @aCN@b110000
105    @af z 000yy
200 10 @a美军观察组在延安@Amei jun guan cha zu zai yan an@f(美)D.包瑞德著@g万高潮译
210    @a北京@c解放军出版社@d1984
215    @a124页@c照片@d19cm
607    @a陕北革命根据地@x建设@z1937~1945
690    @aK269.5@v3
701  1 @a包瑞德@Abao rui de@bD.@4著
702  0 @a万高潮@Awan gao chao@4译
801  2 @aCN@bNLC@c20060801
801  0 @aCN@bTSSF
905    @a10447@dK269.5@e46
    
    美军观察组在延安/(美)D.包瑞德著/万高潮译.-北京:解放军出版社,1984
    124页:照片;19cm
    
    
    ISBN :CNY0.80
    
●
相关链接 在E读中查询图书 在五车中查询图书 在当当中查询图书 在豆瓣中查询图书


正题名:美军观察组在延安     索取号:K269.5/46         预约/预借

序号 登录号 条形码 馆藏地/架位号 状态 备注
1 0444013   204440131   密集书库/ [索取号:K269.5/46] 在馆    
2 0444529   204445298   密集书库/ [索取号:K269.5/46] 在馆    
唐山师范学院图书馆 欢迎您!
大连网信软件有限公司© 版权所有